Systèmes dynamiques non linéaires : intégrabilité et comportement qualitatif : comptes rendus /

Guardado en:
Autor Corporativo: NATO Advanced Study Institute Département de mathématiques et de statistique de l'Université de Montréal)
Otros Autores: Winternitz, Pavel. (Editor )
Formato: Libro
Idioma:English
French
Publicado: Montréal, Québec, Canada : Presses de l'Université de Montréal, 1986.
Series:Séminaire de mathématiques supérieures ; 102
Materias:
Etiquetas: Agregar Etiqueta
Sin Etiquetas, Sea el primero en etiquetar este registro!
LEADER 02948cam a2200289 a 4500
001 MAT.inmabb005316
008 870730s1986####quca#####b####100#0#eng##
005 20170508165303.0
245 1 0 |a Systèmes dynamiques non linéaires :  |b intégrabilité et comportement qualitatif : comptes rendus /  |c colligés par Pavel Winternitz. 
260 |a Montréal, Québec, Canada :  |b Presses de l'Université de Montréal,  |c 1986. 
300 |a 338 p. :  |b il. ;  |c 28 cm. 
440 0 |a Séminaire de mathématiques supérieures ;  |v 102 
500 |a Francés e inglés. 
500 |a "La vingt-quatrième session du Séminaire de mathématiques supérieures/Séminaire scientifique OTAN (ASI 544/84), tenue au Département de mathématiques et de statistique de l'Université de Montréal du 29 juillet au 16 août 1985"--P. facing t.p. 
504 |a Incluye referencias bibliográficas. 
505 0 |a R. L. Anderson and E. Taflin, Application of F-P-S linearization in $1+1$ dimensions -- C. P. Boyer, The curved twistor construction for the self-dual Einstein equations : an integrable system -- F. Calogero, Integrable dynamical systems and some other mathematical results (remarkable matrices, identities, basic hypergeometric functions) -- Ling Lie Chau, Geometrical integrability and equations of motion: a unifying description of equations of motion -- H. J. de Vega, Current algebras and integrable field theories. The Wess-Zumino-Witten sigma model -- J.-P. Françoise, Calculs explicites d'action-angles -- J. Harnad and M. Jacques, A formal approach to the supersymmetric $(N=3)$ Yang-Mills equations -- J. Hietarinta, Quantum integrability and classical integrability -- V. G. Kac and D. H. Peterson, Lectures on the infinite wedge-representation and the MKP hierarchy -- Yvette Kosmann-Schwarzbach, Géométrie des systèmes bihamiltoniens -- D. Levi, Integral nonlinear partial differential equations in the description of water flow in channels or straits of variable width and depth -- A. Ramani, Current situation of the Painlevé conjecture -- P. M. Santini, Nonlinear integral evolution equations associated with a Riemann-Hilbert scattering problem. Aspects of the initial value problem for the sine-Hilbert class -- D. Sternheimer, Approche invariante de l'analyse non linéaire et de la quantification -- S. Wojciechowski, Review of the recent results on integrability of natural Hamiltonian systems -- J. Zagrodzinski, Solitons as a limit of wavetrains. 
510 4 |a MR,  |c 87h:58055 
020 |a 2760607771 
111 2 |a NATO Advanced Study Institute  |n (24th :  |d 1985 :  |c Département de mathématiques et de statistique de l'Université de Montréal) 
700 1 |a Winternitz, Pavel.  |4 edt 
650 0 |a Differentiable dynamical systems  |x Congresses. 
650 0 |a Nonlinear theories  |x Congresses. 
084 |a 58Fxx  |2 MR 
010 |a  87160942  
040 |a DLC  |c DLC  |d DLC 
041 0 |a eng  |a fre 
859 |h 58  |i N279-24  |p A-6069  |b BIB. MATEMATICA